000 00718nam a2200205Ii 4500
003 JO-AjNU
008 230605s9999||||xx |||||||||||||| ||und||
017 _a1994/2/140
040 _aJO-AjNU
_bara
_erda
_cJO-AjNU
041 _aara
050 1 4 _aPJ6151.W5978 1994
100 3 _aولويل، كامل جميل,
_eauthor
_99680
245 0 0 _aعودة للنحو العربي الأصيل(النحو والمعنى)
264 3 1 _aعمان: د.ن، 1994
300 _a236ص
336 _atext
_btxt
_2rdacontent
337 _aunmediated
_bn
_2rdamedia
338 _avolume
_bnc
_2rdacarrier
650 4 _aاللغة العربية-قواعد-عودة للنحو العربي الأصيل(النحو والمعنى)
_99681
999 _aA1424
_c4992
_d4992